South African business : the guide to business and investment in the Republic of South Africa.
| Format: | Book |
|---|---|
| Published: |
Cape Town:
Global Africa Network,
2013.
|
| Edition: | 2013 ed. |
| Subjects: |
| LEADER | 00521cam a2200157 7i4500 | ||
|---|---|---|---|
| 001 | 0000029476 | ||
| 005 | 20130424090000.0 | ||
| 022 | 0 | 0 | |a 22214194 |
| 090 | 0 | 0 | |a S. AF 338.7 |b SOU |
| 245 | 0 | 0 | |a South African business : |b the guide to business and investment in the Republic of South Africa. |
| 250 | 0 | 0 | |a 2013 ed. |
| 260 | 0 | 0 | |a Cape Town: |b Global Africa Network, |c 2013. |
| 300 | # | # | |a 308 p. |
| 650 | 0 | 0 | |a Business -- |x Guidebooks -- |z South Africa |
| 651 | 0 | 0 | |a South Africa |
| 999 | |a 0000032518 |b Book |c Countries |e Business Information Centre | ||